[Event "CZE-chT 2223"]
[Site "Czech Republic"]
[Date "2022.12.04"]
[Round "4.2"]
[White "Babula, Vlastimil"]
[Black "Jurcik, Martin"]
[Result "1/2-1/2"]
[WhiteElo "2574"]
[BlackElo "2391"]
[PlyCount "76"]
[EventDate "2022.10.15"]
[EventType "team-tourn"]
[EventRounds "11"]
[EventCountry "CZE"]
[SourceTitle "CBM 213 Extra"]
[Source "ChessBase"]
[SourceDate "2023.05.31"]
[SourceVersion "1"]
[SourceVersionDate "2023.05.31"]
[SourceQuality "1"]
[WhiteTeam "Novoborsky"]
[BlackTeam "Unichess"]
[WhiteTeamCountry "CZE"]
[BlackTeamCountry "CZE"]

1. d4 d5 2. c4 e6 3. Nc3 Nf6 4. cxd5 Nxd5 5. e4 Nxc3 6. bxc3 c5 7. Rb1 Be7 8. Nf3 0-0 9. Bc4 Qc7 10. Qe2 b6 11. 0-0 Bb7 12. d5 exd5 13. exd5 Bd6 14. Re1 Nd7 15. Bg5 Rfc8 16. Rbd1 Nf8 17. Be7 Ng6 18. Bxd6 Qxd6 19. Ng5 Qf4 20. Ne4 Rd8 21. Bb3 Qf5 22. c4 h6 23. Bc2 Qd7 24. Rd2 Re8 25. Qd1 Re5 26. Rde2 Ba6 27. Ba4 Qf5 28. Re3 Rd8 29. Bb3 Kf8 30. g3 Re7 31. f4 Bc8 32. Bc2 Qg4 33. Qxg4 Bxg4 34. Nc3 Rxe3 35. Rxe3 Ne7 36. Nb5 Bd7 37. a4 Bxb5 38. axb5 Nc8 1/2-1/2

[Event "CZE-chT 2223"]
[Site "Czech Republic"]
[Date "2022.12.03"]
[Round "3.2"]
[White "Rous, Daniel"]
[Black "Babula, Vlastimil"]
[Result "1/2-1/2"]
[WhiteElo "2236"]
[BlackElo "2574"]
[PlyCount "125"]
[EventDate "2022.10.15"]
[EventType "team-tourn"]
[EventRounds "11"]
[EventCountry "CZE"]
[SourceTitle "CBM 213 Extra"]
[Source "ChessBase"]
[SourceDate "2023.05.31"]
[SourceVersion "1"]
[SourceVersionDate "2023.05.31"]
[SourceQuality "1"]
[WhiteTeam "Praha Dopravni Podnik"]
[BlackTeam "Novoborsky"]
[WhiteTeamCountry "CZE"]
[BlackTeamCountry "CZE"]

1. Nf3 c5 2. c4 Nc6 3. Nc3 e5 4. g3 g6 5. Bg2 Bg7 6. 0-0 Nge7 7. Ne1 0-0 8. Nc2 d6 9. Rb1 Be6 10. Ne3 Qd7 11. Ned5 Bh3 12. d3 Bxg2 13. Kxg2 Nxd5 14. Nxd5 Ne7 15. Nxe7+ Qxe7 16. e4 f5 17. Bd2 f4 18. f3 h5 19. Qe2 Rf7 20. g4 hxg4 21. fxg4 Bf6 22. b4 Rh7 23. Rf3 Kg7 24. Rh3 Rxh3 25. Kxh3 Qd7 26. Bc3 b6 27. Qd1 Rf8 28. Qf3 Qa4 29. Qd1 Qxa2 30. Rb2 Qa6 31. b5 Qc8 32. Ra2 Qd7 33. Kg2 Bh4 34. Qf3 Kf7 35. Ra1 Ke8 36. Ra2 Rh8 37. Ra1 Kd8 38. Ra2 Kc8 39. Ra1 Kb7 40. Bd2 Qh7 41. Rh1 Bg3 42. h3 g5 43. Bc3 Ra8 44. Ra1 a6 45. bxa6+ Rxa6 46. Rxa6 Kxa6 47. Qd1 Qd7 48. Qb3 Bh4 49. Kf3 Kb7 50. Bd2 Qe8 51. Ba5 Qc6 52. Bd2 Kc7 53. Qa3 Kb7 54. Qb3 Bg3 55. Kg2 Kc8 56. Qa2 Kb7 57. Qb3 Qd7 58. Ba5 Qd8 59. Qb5 Bh4 60. Kf3 Bg3 61. Kg2 Bh4 62. Kf3 Bg3 63. Kg2 1/2-1/2

[Event "Bundesliga 2223"]
[Site "Germany"]
[Date "2022.10.23"]
[Round "2.7"]
[White "Babula, Vlastimil"]
[Black "Handke, Florian"]
[Result "0-1"]
[WhiteElo "2574"]
[BlackElo "2526"]
[PlyCount "66"]
[EventDate "2022.10.21"]
[EventType "team-tourn"]
[EventRounds "15"]
[EventCountry "GER"]
[SourceTitle "CBM 211"]
[Source "ChessBase"]
[SourceDate "2022.12.31"]
[SourceVersion "1"]
[SourceVersionDate "2022.12.31"]
[SourceQuality "1"]
[WhiteTeam "Werder Bremen"]
[BlackTeam "Solingen"]
[WhiteTeamCountry "GER"]
[BlackTeamCountry "GER"]

1. d4 Nf6 2. c4 g6 3. Nc3 d5 4. cxd5 Nxd5 5. Bd2 c5 6. dxc5 Bg7 7. Qb3 Be6 8. Qxb7 0-0 9. e4 Nxc3 10. Bxc3 Bxc3+ 11. bxc3 Nd7 12. c6 Nc5 13. Qb4 Qd6 14. Nf3 Rab8 15. Qd4 Qxc6 16. Be2 Rb2 17. Nd2 Qb6 18. Qe3 Rd8 19. Nb3 Bxb3 20. axb3 Rdd2 21. Bc4 Nd3+ 22. Bxd3 Qxe3+ 23. fxe3 Rxd3 24. Rxa7 Rxe3+ 25. Kd1 Rxe4 26. Kc1 Ree2 27. Rxe7 Rec2+ 28. Kd1 Rxg2 29. Kc1 Ra2 30. Kb1 Rgb2+ 31. Kc1 Rxb3 32. Rf1 Ra1+ 33. Kc2 Rxc3+ 0-1

[Event "CZE-chT 2223"]
[Site "Czech Republic"]
[Date "2022.10.15"]
[Round "1.6"]
[White "Babula, Vlastimil"]
[Black "Konopka, Michal"]
[Result "1/2-1/2"]
[WhiteElo "2574"]
[BlackElo "2354"]
[PlyCount "60"]
[EventDate "2022.10.15"]
[EventType "team-tourn"]
[EventRounds "11"]
[EventCountry "CZE"]
[SourceTitle "CBM 210 Extra"]
[Source "ChessBase"]
[SourceDate "2022.11.30"]
[SourceVersion "1"]
[SourceVersionDate "2022.11.30"]
[SourceQuality "1"]
[WhiteTeam "Novoborsky"]
[BlackTeam "Kromeriz Slavia"]
[WhiteTeamCountry "CZE"]
[BlackTeamCountry "CZE"]

1. d4 Nf6 2. c4 g6 3. Nc3 d5 4. cxd5 Nxd5 5. Bd2 Bg7 6. e4 Nxc3 7. Bxc3 0-0 8. Qd2 c5 9. d5 e6 10. Bc4 exd5 11. Bxd5 Nc6 12. Ne2 Be6 13. Bxg7 Kxg7 14. 0-0 Rc8 15. Rac1 b6 16. a3 Qf6 17. Rc3 Bxd5 18. exd5 Rfd8 19. Rf3 Qe5 20. Nc3 Nd4 21. Rh3 h5 22. Re1 Qf5 23. Rg3 Re8 24. Rge3 Qd7 25. h3 Nf5 26. Re5 Rxe5 27. Rxe5 Re8 28. Qf4 Rxe5 29. Qxe5+ f6 30. Qf4 Nd6 1/2-1/2

[Event "POL-chT 1st League"]
[Site "Sypniewo"]
[Date "2022.09.11"]
[Round "9.2"]
[White "Babula, Vlastimil"]
[Black "Paszewski, Mateusz"]
[Result "1/2-1/2"]
[WhiteElo "2574"]
[BlackElo "2263"]
[PlyCount "21"]
[EventDate "2022.09.03"]
[EventType "team-swiss"]
[EventRounds "9"]
[EventCountry "POL"]
[SourceTitle "CBM 210 Extra"]
[Source "ChessBase"]
[SourceDate "2022.11.30"]
[SourceVersion "1"]
[SourceVersionDate "2022.11.30"]
[SourceQuality "1"]
[WhiteTeam "Raciborz Silesia"]
[BlackTeam "Podlesie UKS 21"]
[WhiteTeamCountry "POL"]
[BlackTeamCountry "POL"]

1. d4 d5 2. c4 c6 3. Nf3 Nf6 4. Nc3 e6 5. Qc2 dxc4 6. a4 Bb4 7. g3 0-0 8. Bg2 Nbd7 9. 0-0 a5 10. Rd1 Qe7 11. Bg5 1/2-1/2

[Event "POL-chT 1st League"]
[Site "Sypniewo"]
[Date "2022.09.10"]
[Round "8.1"]
[White "Cyborowski, Lukasz"]
[Black "Babula, Vlastimil"]
[Result "1/2-1/2"]
[WhiteElo "2479"]
[BlackElo "2574"]
[PlyCount "91"]
[EventDate "2022.09.03"]
[EventType "team-swiss"]
[EventRounds "9"]
[EventCountry "POL"]
[SourceTitle "CBM 210 Extra"]
[Source "ChessBase"]
[SourceDate "2022.11.30"]
[SourceVersion "1"]
[SourceVersionDate "2022.11.30"]
[SourceQuality "1"]
[WhiteTeam "Wrzos Miedzyborow"]
[BlackTeam "Raciborz Silesia"]
[WhiteTeamCountry "POL"]
[BlackTeamCountry "POL"]

1. e4 c5 2. Nf3 e6 3. d4 cxd4 4. Nxd4 Nc6 5. Nc3 Qc7 6. g3 a6 7. Bg2 d6 8. 0-0 Bd7 9. Re1 Be7 10. Nxc6 Bxc6 11. a4 Nf6 12. a5 0-0 13. Be3 Nd7 14. Na4 Rae8 15. Nb6 f5 16. Nxd7 Qxd7 17. Qd3 fxe4 18. Bxe4 Bxe4 19. Qxe4 Rf5 20. Bb6 Bf6 21. c3 Qc6 22. Qd3 g6 23. Rad1 Rd5 24. Qe2 Rxd1 25. Rxd1 Kf7 26. Qd3 d5 27. Qf3 Kg7 28. Qe2 Kf7 29. Qd3 Rc8 30. Qf3 Kg7 31. Bd4 Bxd4 32. Rxd4 Qd7 33. Qe3 Rc4 34. Rxc4 dxc4 35. Qe4 Qc6 36. Qe5+ Kf7 37. Qf4+ Kg7 38. Qd4+ Kf7 39. h4 h5 40. Qf4+ Kg7 41. Qe5+ Kf7 42. Kf1 Qh1+ 43. Ke2 Qb1 44. Qc7+ Kf6 45. Qd8+ Kf7 46. Qc7+ 1/2-1/2